000 01432nam a2200349 a 4500
001 ebr10561932
003 CaPaEBR
006 m u
007 cr cn|||||||||
008 111117s2012 enka sb 001 0 eng d
010 _z 2011045650
020 _z9781409423287 (hardback : alk. paper)
020 _z9781409446255 (e-book)
040 _aCaPaEBR
_cCaPaEBR
035 _a(OCoLC)794003759
050 1 4 _aHF5736
_b.W733 2012eb
082 0 4 _a651.5
_223
100 1 _aWiggins, Bob.
245 1 0 _aEffective document and data management
_h[electronic resource] :
_bunlocking corporate content /
_cBob Wiggins.
250 _a3rd ed.
260 _aSurrey, England :
_bGower Pub.,
_c2012.
300 _axvii, 243 p. :
_bill.
504 _aIncludes bibliographical references and index.
505 0 _apt. 1. Context -- pt. 2. The information life cycle -- pt. 3. Projects.
533 _aElectronic reproduction.
_bPalo Alto, Calif. :
_cebrary,
_d2011.
_nAvailable via World Wide Web.
_nAccess may be limited to ebrary affiliated libraries.
650 0 _aBusiness records
_xManagement.
650 0 _aBusiness records
_xManagement
_xData processing.
650 0 _aInformation storage and retrieval systems
_xBusiness.
655 7 _aElectronic books.
_2local
710 2 _aebrary, Inc.
856 4 0 _uhttp://site.ebrary.com/lib/rucke/Doc?id=10561932
_zAn electronic book accessible through the World Wide Web; click to view
999 _c94744
_d94744